00522nam a22001937a 450000500170000001000290001702000260004603500130007203700130008503700090009808200080010710000200011524500490013525000110018426000350019527000520023030000260028250000200030820181031122821.0 a1718EN-30 B-710684 a9788175157552c295.00 aB-710684 bBSBadpl bGift a339 aShapiro, Edward aMacroeconomic analysis / cby Edward Shapiro a5th ed c2016aNew DelhibGalgotia Pub. a5, Ansari Road, Darya Ganj, bNew Delhie110002 c24cm(pbk)axix, 632p. aIncludes index